[Event "Gold Coast Masters U18"]
[Site "Gold Coast"]
[Date "2005.02.01"]
[Round "1"]
[White "Tan, Sophie"]
[Black "Weitenberg, Zane"]
[Result "0-1"]
[WhiteElo "870"]
[BlackElo "1073"]
[PlyCount "98"]
[EventDate "2005.02.01"]
[EventType "swiss"]
[EventRounds "5"]
[EventCountry "AUS"]
[SourceTitle "EXT 2010"]
[Source "ChessBase"]
[SourceDate "2010.11.25"]
[SourceVersion "1"]
[SourceVersionDate "2010.11.25"]
[SourceQuality "1"]

1. e4 e5 2. Nc3 Nf6 3. Nf3 Nc6 4. Be2 Bc5 5. h3 d6 6. 0-0 0-0 7. d3 h6 8. Bd2 Be6 9. Nb5 a6 10. Na3 Qe7 11. c3 Rfe8 12. b4 Bb6 13. Be3 Rad8 14. Bxb6 cxb6 15. d4 Nxe4 16. Bd3 Nxc3 17. Qd2 exd4 18. Nxd4 Nxd4 19. Qxc3 Nc6 20. Bb1 Qf6 21. Qxf6 gxf6 22. Re1 Nxb4 23. Re4 Nd5 24. Bc2 Rc8 25. Bb3 Nc3 26. Ree1 Bxb3 27. Rxe8+ Rxe8 28. axb3 d5 29. Rc1 Ne2+ 30. Kh2 Nxc1 31. g4 Nxb3 32. f4 Re3 33. h4 Rf3 34. f5 Kg7 35. Kg2 Re3 36. h5 d4 37. Kf2 b5 38. Nc2 Rc3 39. Ne1 d3 40. Ng2 d2 41. Ke2 Rc1 42. Ne3 Re1+ 43. Kf2 Rxe3 44. Kxe3 d1Q 45. Ke4 Qxg4+ 46. Kd5 Qf3+ 47. Kd6 Qc6+ 48. Ke7 Nc5 49. Kd8 Qd7# 0-1